| 000 | 00706nam a2200253Ia 4500 | ||
|---|---|---|---|
| 999 |
_c5478 _d5478 |
||
| 001 | 20962 | ||
| 003 | GBCCL | ||
| 005 | 20241126110543.0 | ||
| 008 | 841015s1963 ilu 000 0 eng d | ||
| 020 | _a0802465064 | ||
| 035 | _a(OCoLC)11266687 | ||
| 040 |
_aMSB _cMSB |
||
| 049 | _aLBBK | ||
| 082 |
_a225.07 _bTEA |
||
| 092 |
_a227.6 _bB873 |
||
| 100 | 1 |
_aBrooks, Keith L. _99294 |
|
| 245 | 1 | 0 |
_aPhilippians : _bthe epistle of Christian joy / _cKeith L. Brooks. |
| 260 |
_aChicago: _bMoody Press, _c1963. |
||
| 300 |
_a48 p. ; _c22 cm. |
||
| 440 | 0 |
_aTeach yourself the Bible series. _99295 |
|
| 500 | _aCover title. | ||
| 630 | 0 | 0 |
_aBible. _pN.T. _pPhilippians _xStudy and teaching. _99864 |
| 942 |
_2ddc _cBK |
||